[Event "38th Olympiad w"]
[Site "Dresden GER"]
[Date "2008.11.22"]
[Round "9"]
[White "Rohonyan,K"]
[Black "Majdan,J"]
[Result "0-1"]
[WhiteElo "2334"]
[BlackElo "2284"]

1.e4 c5 2.Nf3 e6 3.d4 cxd4 4.Nxd4 Nc6 5.Nc3 d6 6.g4 Bd7 7.Be3 a6 8.Qe2 Nge7
9.Nb3 b5 10.O-O-O b4 11.Nb1 Qc7 12.N1d2 Nc8 13.f4 a5 14.Nd4 a4 15.Nb5 Qb8
16.Kb1 Be7 17.g5 a3 18.b3 e5 19.f5 Ra5 20.Nf3 Bd8 21.g6 hxg6 22.fxg6 f6 23.Rg1 N6e7
24.c4 Rxb5 25.cxb5 d5 26.Bc5 Bb6 27.Qc2 Nd6 28.Bxd6 Qxd6 29.Bc4 Bxg1 30.Nxg1 Qc5
31.Bd3 Qxc2+ 32.Bxc2 d4 33.b6 Bc6 34.Nf3 Nc8 35.h4 Nxb6 36.Bd3 Nc8 37.Rc1 Kd7
38.Rh1 Nd6 39.Nd2 f5 40.Re1 fxe4 41.Bxe4 Bxe4+ 42.Nxe4 Nxe4 43.Rxe4 Ke6 44.Kc2 Rc8+
45.Kd2 Rc3 46.Re2 Rh3 47.Rf2 e4 48.Rf7 Rh2+ 49.Ke1 e3 50.Rf8 Rxa2 51.h5 Rh2
52.Ra8 a2 53.h6 Ke5  0-1

[Event "38th Olympiad"]
[Site "Dresden GER"]
[Date "2008.11.22"]
[Round "9"]
[White "Kalezic,B"]
[Black "Mastrovasilis,D"]
[Result "0-1"]
[WhiteElo "2448"]
[BlackElo "2572"]

1.e4 c5 2.Nf3 e6 3.d4 cxd4 4.Nxd4 Nc6 5.Nc3 Qc7 6.Be2 a6 7.O-O Nf6 8.Kh1 Nxd4
9.Qxd4 Bc5 10.Qd3 b5 11.a3 Bb7 12.Be3 O-O 13.Bg5 Be7 14.f4 d6 15.Qe3 h6 16.Bh4 Ng4
17.Qg3 Bxh4 18.Qxh4 Ne3 19.Rf3 Nxc2 20.Rg3 Nxa1 21.Qf6 g6 22.f5 Bxe4 23.fxg6 fxg6
24.Qxe6+ Qf7 25.Qxf7+ Kxf7 26.Nxe4 d5 27.Nc3 d4 28.Ne4 Kg7 29.h3 Nc2 30.Bh5 g5
31.Rd3 Rf1+ 32.Kh2 Re1 33.Ng3 Rd8 34.Rf3 Ne3 35.Bf7 d3 36.Bb3 Nc4 37.Nh5+ Kg8
38.Nf6+ Kg7 39.Nh5+ Kg8 40.Nf6+ Kf7 41.Nh5+ Ke7 42.Ng3 d2 43.Nf5+ Ke8 44.Ng7+ Kd7
45.Rd3+ Kc8 46.Rc3 Re3  0-1

[Event "38th Olympiad"]
[Site "Dresden GER"]
[Date "2008.11.22"]
[Round "9"]
[White "Obodchuk,A"]
[Black "Stefansson,H"]
[Result "1/2-1/2"]
[WhiteElo "2434"]
[BlackElo "2575"]

1.e4 c5 2.Nf3 e6 3.d4 cxd4 4.Nxd4 Nc6 5.Nc3 Qc7 6.Be2 a6 7.O-O Nf6 8.Be3 Be7
9.f4 d6 10.a4 O-O 11.Kh1 Re8 12.Bd3 Bd7 13.Qf3 Nb4 14.a5 Rac8 15.Qg3 Nxd3
16.cxd3 Bc6 17.f5 e5 18.Nxc6 bxc6 19.Bh6 Bf8 20.Bg5 Qd8 21.Na4 Kh8 22.Nb6 Rc7
23.Bxf6 Qxf6 24.Rac1 Qd8 25.Qe1 d5 26.Rf2 dxe4 27.Qxe4 Qd4 28.Rfc2 c5 29.b4 c4
30.Qxd4 exd4 31.Rxc4 Rxc4 32.Nxc4 Bxb4 33.Kg1 Rb8 34.Rb1 Rb5 35.g4 h5 36.h3 Kh7
37.Kg2 hxg4 38.hxg4 g6 39.fxg6+ Kxg6 40.Kf3 Kg5 41.Rh1 Kg6 42.Ke4  1/2-1/2

[Event "TCh-NED 2008-9"]
[Site "Netherlands NED"]
[Date "2008.11.22"]
[Round "3"]
[White "Willemze,T"]
[Black "Peng Zhaoqin"]
[Result "1/2-1/2"]
[WhiteElo "2398"]
[BlackElo "2462"]

1.e4 c5 2.Nf3 e6 3.d4 cxd4 4.Nxd4 Nc6 5.Nc3 Qc7 6.g3 a6 7.Bg2 d6 8.O-O Bd7
9.Re1 Be7 10.Nxc6 Bxc6 11.Qg4 h5 12.Qe2 h4 13.a4 hxg3 14.hxg3 Kf8 15.Be3 Nf6
16.a5 Re8 17.Bb6 Qc8 18.Rad1 g6 19.b3 Rh7 20.Na2 d5 21.e5 Nd7 22.Bd4 Qc7
23.Qd2 Rc8 24.Ra1 Rh5 25.Nb4 Nc5 26.Bf3 Rh7 27.Bxc5 Bxc5 28.Nxc6 bxc6 29.b4 Be7
30.c4 dxc4 31.Qc3 Qb7 32.Qxc4 Qxb4 33.Qxa6 Rd8 34.Rab1 Qa3 35.Qxc6 Qxa5 36.Ra1 Qc5
37.Ra8 Rxa8 38.Qxc5 Bxc5 39.Bxa8 Kg7 40.Kg2 Rh8 41.Be4 Rd8 42.Re2 Rd4 43.f4  1/2-1/2

[Event "TCh-BEL 2008-9"]
[Site "Belgium BEL"]
[Date "2008.11.23"]
[Round "4"]
[White "Vandevoort,P"]
[Black "Goormachtigh,J"]
[Result "1/2-1/2"]
[WhiteElo "2389"]
[BlackElo "2242"]

1.e4 c5 2.Nf3 e6 3.d4 cxd4 4.Nxd4 Nc6 5.Nc3 Qc7 6.Be3 a6 7.Qd2 Nf6 8.O-O-O Bb4
9.f3 Ne5 10.Nb3 b5 11.Qe1 Rb8 12.Bd4 Be7 13.f4 Ng6 14.e5 Ng4 15.f5 exf5 16.Nd5 Bg5+
17.Kb1 Qc6 18.Ba7 Qb7 19.Bc5 Bd8 20.Bd6 Ne7 21.Nxe7 Bxe7 22.Nd4 Bxd6 23.exd6+ Qe4
24.Bd3 Qxe1 25.Rhxe1+ Kd8 26.Nxf5 g6 27.h3 gxf5 28.hxg4 fxg4 29.Bf5 h5 30.Rh1 Rb6
31.Bxg4 Rh6 32.Bxh5 Rbxd6 33.Rxd6  1/2-1/2

[Event "38th Olympiad w"]
[Site "Dresden GER"]
[Date "2008.11.23"]
[Round "10"]
[White "Repkova,E"]
[Black "Peng Zhaoqin"]
[Result "1/2-1/2"]
[WhiteElo "2400"]
[BlackElo "2455"]

1.e4 c5 2.Nf3 e6 3.d4 cxd4 4.Nxd4 Nc6 5.Nc3 Qc7 6.g3 a6 7.Bg2 d6 8.O-O Bd7
9.Nde2 Nf6 10.h3 h5 11.Bf4 Be7 12.Qd2 Rc8 13.a4 Ne5 14.Rfd1 b5 15.axb5 axb5
16.Nd4 Qb6 17.b3 O-O 18.Be3 Qb8 19.f4 Ng6 20.Qd3 b4 21.Na4 Rfe8 22.c4 bxc3
23.Nxc3 h4 24.Ndb5 hxg3 25.e5 dxe5 26.Ra8 Rxc3 27.Nxc3 Qc7 28.Ra7 Qc8 29.Ra8 Qc7
30.Ra7 Qc8 31.Rxd7 Nxd7 32.Qxd7 Bc5 33.Bxc5 Qxc5+ 34.Kh1 Rf8 35.Ne4 Qe3 36.fxe5 Qxb3
37.Qd3 Qxd3 38.Rxd3 Nxe5 39.Rxg3 Rd8 40.Ng5 Rb8 41.Re3 Ng6 42.Be4 Nf4 43.Bc2 g6
44.Bb3 Rb5 45.h4 Rb4 46.Rc3 Nd5 47.Rh3 Ne7 48.Kh2  1/2-1/2

[Event "38th Olympiad w"]
[Site "Dresden GER"]
[Date "2008.11.23"]
[Round "10"]
[White "Sischy,M"]
[Black "Officer,A"]
[Result "1/2-1/2"]
[WhiteElo "1965"]
[BlackElo "1813"]

1.e4 c5 2.Nc3 e6 3.Nf3 Nc6 4.d4 cxd4 5.Nxd4 Qc7 6.Be3 a6 7.Bd3 Nf6 8.O-O Be7
9.Kh1 b5 10.Nxc6 Qxc6 11.f3 d6 12.Qe1 O-O 13.a4 Rb8 14.a5 e5 15.Na2 Be6 16.Nb4 Qb7
17.Bb6 Nd7 18.Be3 Nf6 19.Bd2 Rfd8 20.f4 exf4 21.Bxf4 Nh5 22.Bd2 Rbc8 23.Qf2 d5
24.e5 Qc7 25.Nxa6 Qxe5 26.Bc3 d4 27.Bd2 Nf6 28.Bf4 Qh5 29.Nc7 Bc4 30.Qg3 Bxd3
31.Qxd3 Nd5 32.Nxd5 Qxd5 33.Rfe1 Bd6 34.Bxd6 Rxd6 35.Re7 Kf8 36.Rae1 Rg6
37.Qh3 Rd8 38.R7e5 Qc6 39.R1e2 h6 40.Qh4 Rf6 41.Qe1 Kg8 42.Kg1 Rd7 43.Qb4 Rd5
44.Re8+ Kh7 45.Qe7 Rdf5 46.h3 d3 47.cxd3 Qc1+ 48.Kh2 Qf4+ 49.Kg1 Qc1+ 50.Kh2 Qf4+  1/2-1/2

[Event "38th Olympiad"]
[Site "Dresden GER"]
[Date "2008.11.23"]
[Round "10"]
[White "Battulga,N"]
[Black "Volodin,Alek"]
[Result "0-1"]
[WhiteElo "2317"]
[BlackElo "2393"]

1.e4 c5 2.Nf3 e6 3.d4 cxd4 4.Nxd4 Nc6 5.Nc3 Qc7 6.Be3 Nf6 7.Be2 a6 8.O-O Bb4
9.Na4 O-O 10.Nxc6 bxc6 11.Nb6 Rb8 12.Nxc8 Rfxc8 13.Bxa6 Rf8 14.Bd3 Bd6 15.f4 e5
16.b3 exf4 17.Bd4 f3 18.e5 Ng4 19.Qxf3 Nxe5 20.Qg3 Rbe8 21.Rae1 g6 22.h3 Re6
23.Re4 Rfe8 24.Rfe1 c5 25.Ba1 c4 26.bxc4 f5 27.R4e2 Ng4 28.Qf3 Bc5+  0-1

[Event "38th Olympiad w"]
[Site "Dresden GER"]
[Date "2008.11.23"]
[Round "10"]
[White "Skinke,K"]
[Black "Pertlova,S"]
[Result "1-0"]
[WhiteElo "2186"]
[BlackElo "2239"]

1.e4 c5 2.Nf3 e6 3.d4 cxd4 4.Nxd4 Nc6 5.Nc3 a6 6.Be2 Qc7 7.Be3 Nf6 8.O-O Bb4
9.Bd3 O-O 10.a3 Bxc3 11.bxc3 d5 12.Nxc6 bxc6 13.Bc5 Re8 14.Qe2 e5 15.c4 d4
16.Bb4 Bg4 17.f3 Be6 18.Bd2 Nd7 19.f4 f6 20.f5 Bf7 21.Qg4 Kh8 22.Rf3 Bg8
23.Rg3 Nc5 24.Bb4 Nb7 25.Qh4 a5 26.Bd2 Nc5 27.Be2 Reb8 28.Bh6 Rb7 29.Bxg7+ Qxg7
30.Rxg7 Kxg7 31.Bd3 Rab8 32.Qe1 a4 33.Qd1 Rb2 34.h4 Kf8 35.g4 Bf7 36.g5 Ke7
37.Kh1 Rg8 38.Qc1 Rgb8 39.gxf6+ Kd6 40.Qd2 R8b3 41.Qh6 Rb8 42.Rg1 Ra2 43.Qg7 Nxd3
44.Qxf7 Nf2+ 45.Kg2  1-0

[Event "38th Olympiad"]
[Site "Dresden GER"]
[Date "2008.11.23"]
[Round "10"]
[White "Fedorov,Alex"]
[Black "Quezada Perez,Y"]
[Result "1-0"]
[WhiteElo "2584"]
[BlackElo "2580"]

1.e4 c5 2.Nf3 Nc6 3.d4 cxd4 4.Nxd4 e6 5.Nc3 Qc7 6.Be3 a6 7.Bd3 Nf6 8.O-O b5
9.Nxc6 Qxc6 10.f3 Bc5 11.Bxc5 Qxc5+ 12.Kh1 d6 13.Qd2 Bb7 14.a4 bxa4 15.Rxa4 O-O
16.Rfa1 Qb6 17.Nd1 Nd7 18.Bf1 Rfc8 19.Rb4 Qc7 20.Ne3 Nf6 21.Nc4 Rd8 22.Na5 Rab8
23.Nxb7 Rxb7 24.Rxb7 Qxb7 25.b3 d5 26.Rxa6 Qb8 27.exd5 Nxd5 28.Ra1 Nb4 29.Qf2 g6
30.c3 Nd5 31.c4 Nb4 32.c5 Qf4 33.Qb2 Qe3 34.Qc1 Qe5 35.f4 Qd4 36.Ra4 Qe4
37.h3 Rc8 38.Qc4 Qxc4 39.Bxc4 Rb8 40.Kg1 Kf8 41.Kf2 Nc2 42.c6 Rc8 43.Bb5 Ke7
44.Ke2 Kd6 45.Bd3 Kd5  1-0

[Event "Young Stars of the World"]
[Site "Kirishi RUS"]
[Date "2008.11.23"]
[Round "7"]
[White "Fedoseev,Vl3"]
[Black "Giri,A"]
[Result "0-1"]
[WhiteElo "2312"]
[BlackElo "2466"]

1.e4 c5 2.Ne2 e6 3.Nbc3 Nc6 4.d4 cxd4 5.Nxd4 Qc7 6.Be3 a6 7.Qd2 Nf6 8.O-O-O Be7
9.f3 O-O 10.g4 b5 11.g5 Ne8 12.Nxc6 dxc6 13.a3 e5 14.h4 Be6 15.Qf2 Nd6 16.f4 exf4
17.Bxf4 a5 18.Qg3 Rfd8 19.Bg2 b4 20.Na4 c5 21.Rd2 Rd7 22.Rhd1 Rad8 23.Qe3 c4
24.Qc5 bxa3 25.Qxa3 Qa7 26.Qc5 c3 27.bxc3 Qb8 28.Nb6 Rc7 29.Qxa5 Ra7 30.Qb4 Ra1+
31.Kb2 Rxd1 32.Rxd1 Qxb6 33.Bxd6 Rxd6 34.Rxd6 Qxd6  0-1

[Event "38th Olympiad"]
[Site "Dresden GER"]
[Date "2008.11.25"]
[Round "11"]
[White "Belkhodja,S"]
[Black "Hernandez Guerrero,G"]
[Result "0-1"]
[WhiteElo "2476"]
[BlackElo "2549"]

1.e4 c5 2.Nf3 e6 3.d4 cxd4 4.Nxd4 Nc6 5.Nc3 Qc7 6.Ndb5 Qb8 7.g3 a6 8.Nd4 d6
9.Bg2 Bd7 10.O-O Nf6 11.Re1 Be7 12.b3 O-O 13.Bb2 Re8 14.Nce2 e5 15.Nxc6 Bxc6
16.Nc3 b5 17.Qd2 Qb6 18.a4 h6 19.Qd3 Rac8 20.Re2 b4 21.Nd5 Nxd5 22.exd5 Bd7
23.Be4 a5 24.Bh7+ Kh8 25.Bf5 Qb7 26.Bxd7 Qxd7 27.c4 bxc3 28.Bxc3 Bd8 29.Qd2 Qc7
30.Bb2 Qb7 31.Ba3 Bb6 32.Bxd6 Bd4 33.Rae1 Bc3 34.Qd3 Bxe1 35.Rxe1 Rcd8 36.Rxe5 Rxe5
37.Bxe5 Rxd5 38.Qe2 Qxb3 39.Kg2 Qxa4  0-1

[Event "Young Stars of the World"]
[Site "Kirishi RUS"]
[Date "2008.11.26"]
[Round "10"]
[White "Lintchevski,D"]
[Black "Zherebukh,Y"]
[Result "1/2-1/2"]
[WhiteElo "2502"]
[BlackElo "2473"]

1.e4 c5 2.Nf3 e6 3.d4 cxd4 4.Nxd4 Nc6 5.Nc3 Qc7 6.Be2 a6 7.O-O Nf6 8.Be3 Be7
9.f4 d6 10.a4 O-O 11.Kh1 Re8 12.Bf3 Bf8 13.Qd2 Rb8 14.Qf2 Na5 15.Nxe6 fxe6
16.Bb6 Qc4 17.Bxa5 d5 18.b3 Qc6 19.exd5 exd5 20.Nxd5 Ne4 21.Bxe4 Rxe4 22.c4 Bf5
23.Bc3 Rbe8 24.Be5 b5 25.axb5 axb5 26.Qg3 Re6 27.Qg5 Bg6 28.Rfc1 bxc4 29.bxc4 Rxc4
30.Rxc4 Qxc4 31.Ne3 Qe4 32.Qg3 Be8 33.Qf3 Qxf3 34.gxf3 Bc6 35.Kg2 Rg6+ 36.Kf2 Rh6
37.f5 Bc5 38.Rc1 Ba7 39.Rg1 g6 40.Rg4 Kf7 41.fxg6+ hxg6 42.h4 Bxe3+ 43.Kxe3 Rh5
44.Rf4+  1/2-1/2

[Event "21st Belgrade Trophy"]
[Site "Obrenovac SRB"]
[Date "2008.11.28"]
[Round "2"]
[White "Vucinic,G"]
[Black "Illijin,N"]
[Result "1-0"]
[WhiteElo "1920"]
[BlackElo "2256"]

1.e4 c5 2.Nf3 e6 3.d4 cxd4 4.Nxd4 Nc6 5.Nc3 Qc7 6.Be3 a6 7.Qd2 b5 8.O-O-O Nf6
9.f3 Ne5 10.Kb1 Be7 11.g4 d6 12.a3 Rb8 13.g5 Nfd7 14.Ndxb5 axb5 15.Nxb5 Qc6
16.f4 Rxb5 17.Bxb5 Qxb5 18.fxe5 Nxe5 19.Qc3 O-O 20.a4 Qd7  1-0

[Event "21st Belgrade Trophy"]
[Site "Obrenovac SRB"]
[Date "2008.11.28"]
[Round "2"]
[White "Ravic,N"]
[Black "Rajkovic,Du"]
[Result "1/2-1/2"]
[WhiteElo "2212"]
[BlackElo "2474"]

1.e4 c5 2.Nf3 e6 3.d4 cxd4 4.Nxd4 Nc6 5.Nc3 Qc7 6.Be2 Nf6 7.O-O Be7 8.Kh1 O-O
9.f4 d6 10.Be3 a6 11.Qe1 Nxd4 12.Bxd4 b5 13.Qg3 Bb7 14.e5 dxe5 15.Bxe5 Qb6
16.Bd3 Nh5 17.Qh3 g6 18.a4 b4 19.a5 Qc6 20.Be4 Qc8 21.Qf3 Ra7 22.Na4 Bxe4
23.Qxe4 Qb7 24.Qxb7 Rxb7 25.Rfd1 Rc8 26.c3 bxc3 27.bxc3 Rc6 28.g3 Rb5 29.Nb6 f6
30.c4 Rb3 31.Rd7 Kf8 32.Bd4 Rd3 33.Bg1 Rxd7 34.Nxd7+ Ke8 35.Nb6 Bc5 36.Rd1 Bxg1
37.Kxg1 h6 38.Kf2 g5 39.fxg5 hxg5 40.Kf3 Rc5 41.g4 Nf4 42.Nd7 Rxa5 43.Nxf6+ Kf7
44.Nd7 Ke7 45.Ke4 Ra2 46.Nc5 Rxh2 47.Nxa6 Re2+ 48.Kf3 Rc2 49.c5 Rc3+ 50.Kf2 Nd3+
51.Ke2 Ne5 52.Rd4 Kf6 53.Rb4 Rc2+ 54.Ke3 Rg2  1/2-1/2

[Event "21st Belgrade Trophy"]
[Site "Obrenovac SRB"]
[Date "2008.11.29"]
[Round "3"]
[White "Zarkovic,M"]
[Black "Urosevic,Ma"]
[Result "1/2-1/2"]
[WhiteElo "1839"]
[BlackElo "2108"]

1.e4 c5 2.Nf3 e6 3.d4 cxd4 4.Nxd4 Nc6 5.Nc3 Qc7 6.Be2 a6 7.O-O Nf6 8.Be3 Bb4
9.Na4 O-O 10.Bd3 Ne5 11.a3 Be7 12.f4 Nxd3 13.cxd3 b5 14.Rc1 Qd8 15.Nc3 Bb7
16.b4 d6 17.Kh1 Re8 18.Qd2 Bf8 19.Nf3 Qd7 20.Rc2 Rac8 21.Rfc1 Ng4 22.Bg1 e5
23.h3 Nf6 24.Ne2 Rxc2 25.Rxc2 exf4 26.Nxf4 Rc8 27.Qc1 Rxc2 28.Qxc2 h6 29.Bd4 Be7
30.Qc3 Qc6 31.Qxc6 Bxc6 32.Kg1 Kf8 33.Kf2 Ne8 34.Ke3 Nc7 35.Bc3 Ne6 36.d4 Nxf4
37.Kxf4 Bb7 38.g3 Ke8 39.d5 f6 40.Nd4 Kf7  1/2-1/2

[Event "21st Belgrade Trophy"]
[Site "Obrenovac SRB"]
[Date "2008.11.29"]
[Round "3"]
[White "Velimirovic,D"]
[Black "Bojovic,D"]
[Result "1-0"]
[WhiteElo "2415"]
[BlackElo "2259"]

1.e4 c5 2.Nf3 e6 3.d4 cxd4 4.Nxd4 Nc6 5.Nc3 Qc7 6.Be2 a6 7.O-O Nf6 8.Kh1 Nxd4
9.Qxd4 Bc5 10.Qd3 b5 11.Bg5 Bb7 12.f4 h5 13.e5 Ng4 14.Bf3 Ne3 15.b4 Bb6 16.Bxb7 Qxb7
17.Ne4 Qc6 18.Nd6+ Kf8 19.Rf3 Ng4 20.Raf1 Bd8 21.Bxd8 Rxd8 22.Qd4 Qxc2 23.f5 Kg8
24.h3 Qe2 25.Rf4 Ne3 26.R4f2 Nxf1 27.Rxe2  1-0

[Event "Bundesliga 2008-9"]
[Site "Emsdetten GER"]
[Date "2008.11.30"]
[Round "6"]
[White "Feygin,M"]
[Black "Tregubov,P"]
[Result "0-1"]
[WhiteElo "2569"]
[BlackElo "2646"]

1.e4 c5 2.Nf3 e6 3.d4 cxd4 4.Nxd4 Nc6 5.Nc3 Nf6 6.Ndb5 d6 7.Bf4 e5 8.Bg5 a6
9.Na3 b5 10.Nd5 Be7 11.Bxf6 Bxf6 12.c4 b4 13.Nc2 O-O 14.h4 Rb8 15.b3 Be6
16.g3 Be7 17.Qd2 Qd7 18.Rd1 Bd8 19.Bg2 Bg4 20.Ra1 a5 21.O-O Bb6 22.Nxb6 Rxb6
23.Rfe1 Nb8 24.Re3 Na6 25.a3 Qb7 26.axb4 axb4 27.f4 f6 28.Ree1 Nc5 29.Rab1 Ra8
30.Rb2 Be6 31.Ne3 Ra3 32.f5 Bf7 33.Qc2 Rba6 34.Kh2 Qa7 35.Rd1 Na4 36.bxa4 Qxe3
37.Rxb4 Qxg3+ 38.Kg1 h6 39.Qf2 Qg4 40.Rd2 R3xa4 41.Rxa4 Rxa4 42.Rxd6 Bxc4
43.Rd2 Ra3 44.Kh2 Kh7 45.Rb2 Bd3 46.Qe1 Ra4 47.Rb4 Qf4+ 48.Kg1 Ra2 49.Rb3 Qg4  0-1

[Event "TCh-HUN 2008-9"]
[Site "Mako HUN"]
[Date "2008.11.30"]
[Round "3"]
[White "Groszpeter,A"]
[Black "Mihok,O"]
[Result "1/2-1/2"]
[WhiteElo "2554"]
[BlackElo "2345"]

1.e4 c5 2.Nf3 e6 3.d4 cxd4 4.Nxd4 Nc6 5.Nc3 Qc7 6.Be3 a6 7.Qd2 Nf6 8.O-O-O Bb4
9.f3 O-O 10.Kb1 d5 11.a3 Ba5 12.exd5 Bxc3 13.Qxc3 Nxd5 14.Qe1 Nxe3 15.Qxe3 Rd8
16.Be2 Nxd4 17.Rxd4 Rxd4 18.Qxd4 e5 19.Qc4 Qe7 20.Rd1 Bf5 21.Qb4 Qxb4 22.axb4 Rc8
23.Rd2 Kf8 24.Kc1 Ke7 25.c3 f6 26.Rd5 Be6 27.Ra5 Bc4 28.Kd2 Bxe2 29.Kxe2 Ke6
30.Kd3 Rd8+ 31.Ke3 Rc8 32.Kd3 Rd8+ 33.Ke3 Rc8 34.Kd3  1/2-1/2

[Event "Bundesliga 2008-9"]
[Site "Munich GER"]
[Date "2008.11.30"]
[Round "6"]
[White "Ragger,M"]
[Black "Bischoff,K"]
[Result "1/2-1/2"]
[WhiteElo "2518"]
[BlackElo "2545"]

1.e4 c5 2.Nf3 e6 3.d4 cxd4 4.Nxd4 Nc6 5.Nc3 d6 6.Be3 a6 7.Qd2 Bd7 8.O-O-O Rc8
9.Kb1 b5 10.f3 Nxd4 11.Bxd4 Ne7 12.Qf2 Qc7 13.Bd3 Nc6 14.Bb6 Qb7 15.Be3 Ne5
16.Bd4 b4 17.Ne2 Nxd3 18.Rxd3 e5 19.Be3 Be6  1/2-1/2

[Event "Mediterranean Open"]
[Site "Rijeka CRO"]
[Date "2008.11.30"]
[Round "3"]
[White "Bitalzadeh,A"]
[Black "Jovanic,O"]
[Result "0-1"]
[WhiteElo "2370"]
[BlackElo "2515"]

1.e4 c5 2.Nf3 e6 3.d4 cxd4 4.Nxd4 Nc6 5.Nc3 Qc7 6.Be3 a6 7.Qd2 Nf6 8.O-O-O Bb4
9.f3 O-O 10.a3 Be7 11.g4 b5 12.h4 b4 13.axb4 Bxb4 14.h5 Ne8 15.h6 g6 16.Nxc6 Qxc6
17.Qd4 Rb8 18.Bc4 d6 19.Bb3 Bd7 20.Bg5 e5 21.Qd3 Be6 22.Nd5 Qd7 23.f4 Bxd5
24.Bxd5 Nc7 25.fxe5 Nxd5 26.Qxd5 Qa4 27.Kb1 Bc3 28.Bc1 Bxe5 29.Rh3 Rb5 30.Qa2 Qxe4
31.Qxa6 Rfb8 32.Qa3 Ra8 33.Re3 Qb7 34.Rxe5 dxe5 35.Qd6 Qb6 36.Qd3 Rba5 37.c4 Qf6
38.g5 Qf5 39.Qxf5 gxf5 40.b4 Ra4 41.Kc2 Rxb4 42.Bb2 Rxc4+ 43.Kb3 Rc5 44.Kb4 Rc7  0-1

[Event "1st Copa PDV Sur"]
[Site "Buenos Aires ARG"]
[Date "2008.12.01"]
[Round "2"]
[White "Tokman,A"]
[Black "Alonso,S"]
[Result "1/2-1/2"]
[WhiteElo "2149"]
[BlackElo "2446"]

1.e4 c5 2.Nf3 e6 3.d4 cxd4 4.Nxd4 Nc6 5.Nc3 Qc7 6.g3 a6 7.Bg2 Nf6 8.O-O Nxd4
9.Qxd4 Bc5 10.Qd3 Ng4 11.h3 Ne5 12.Qe2 b5 13.Kh2 Bb7 14.f4 Nc4 15.Nd1 O-O
16.Nf2 Rac8 17.a4 Nd6 18.axb5 axb5 19.Nd3 Bb6 20.c3 f5 21.e5 Bxg2 22.Qxg2 Ne4
23.Qe2 Qc4 24.Be3 Bxe3 25.Qxe3 Ra8 26.Rfd1 Ra2 27.Rxa2 Qxa2 28.Qd4 Rf7 29.g4 h6
30.gxf5 exf5 31.Rg1 Kh7 32.Rg2 Qb1 33.Qd5 Re7 34.Qxb5 Qd1 35.Qd5 Nd2 36.Nb4 Nf1+
37.Kg1 Nd2+ 38.Kh2 Nf1+ 39.Kg1 Nd2+ 40.Kh2  1/2-1/2

[Event "Mediterranean Open"]
[Site "Rijeka CRO"]
[Date "2008.12.01"]
[Round "4"]
[White "Plenca,J"]
[Black "Sale,S"]
[Result "0-1"]
[WhiteElo "2236"]
[BlackElo "2380"]

1.e4 c5 2.Nf3 e6 3.d4 cxd4 4.Nxd4 Nc6 5.Nc3 Qc7 6.Be3 a6 7.Bd3 Nf6 8.Nxc6 bxc6
9.f4 d5 10.O-O Be7 11.e5 Nd7 12.Ne2 c5 13.c4 Nb6 14.b3 Bb7 15.Ng3 g6 16.Qe2 h5
17.cxd5 exd5 18.e6 f5 19.Rac1 h4 20.Bd4 Rg8 21.Nxf5 gxf5 22.Qh5+ Kd8 23.Bxf5 Qc6
24.Bh3 Qb5 25.Qh7 Re8 26.a4 Qxb3 27.Rxc5 Qxa4 28.Bf2 Qxf4 29.Rxd5+ Nxd5 30.Bb6+ Qc7
31.Bxc7+ Kxc7 32.Qc2+ Bc6 33.Rc1 Nb4 34.Qc4 Rg8 35.Bg4 Raf8 36.h3 Rg5 37.Qd4 Kb7
38.Kh1 a5 39.Rb1 Bc5 40.Qd2 Rxg4 41.hxg4 h3 42.Rg1 hxg2+ 43.Kh2 Bxg1+  0-1

[Event "Mediterranean Open"]
[Site "Rijeka CRO"]
[Date "2008.12.01"]
[Round "4"]
[White "Drazic,S"]
[Black "Grachev,B"]
[Result "1/2-1/2"]
[WhiteElo "2528"]
[BlackElo "2653"]

1.e4 c5 2.Nc3 Nc6 3.Nf3 e6 4.d4 cxd4 5.Nxd4 Qc7 6.f4 a6 7.Nxc6 Qxc6 8.Bd3 b5
9.Qe2 Bc5 10.Bd2 Bb7 11.O-O-O Ne7 12.Qh5 g6 13.Qh4 b4 14.Ne2 d5 15.Ng3 O-O-O
16.Kb1 Qb6 17.Rhf1 f5 18.exf5 exf5 19.Rde1 Nc6 20.Ne2 Na5 21.Nc1 Nc4 22.Nb3 Nxd2+
23.Nxd2 Be3 24.Re2 Rhe8 25.g4 fxg4 26.Qxg4+ Kb8 27.f5 gxf5 28.Qxf5 Qh6 29.Nb3 Bb6
30.Rxe8 Rxe8 31.Qxh7 Qxh7 32.Bxh7 Re2 33.h3 Rh2 34.Bf5 a5 35.Nc1 Be3 36.Nd3 d4
37.a3 bxa3 38.bxa3 Bg2 39.Rd1 Bxh3 40.Bxh3 Rxh3 41.Ne5 Kb7 42.Nc4 Ka6 43.a4 Rh8
44.Rf1 Rb8+ 45.Ka2 Rb4 46.Nb2 Rb6 47.Nd3 Rc6 48.Kb3 Rb6+ 49.Kc4 Rc6+ 50.Kb3 Rb6+
51.Kc4 Rc6+  1/2-1/2

[Event "Mediterranean Open"]
[Site "Rijeka CRO"]
[Date "2008.12.01"]
[Round "4"]
[White "Berescu,A"]
[Black "Bosiocic,Mari"]
[Result "1/2-1/2"]
[WhiteElo "2505"]
[BlackElo "2549"]

1.e4 c5 2.Nf3 e6 3.d4 cxd4 4.Nxd4 Nc6 5.Nc3 Qc7 6.Be3 a6 7.Bd3 Nf6 8.O-O Ne5
9.Nf3 Nfg4 10.Nxe5 Nxe3 11.Qh5 g6 12.Qf3 Qxe5 13.fxe3 f6 14.Qxf6 Qxf6 15.Rxf6 Bg7
16.Rf3 b5 17.Raf1 Ra7 18.Rf7 Be5 19.Ne2 Rb7  1/2-1/2

[Event "Mediterranean Open"]
[Site "Rijeka CRO"]
[Date "2008.12.03"]
[Round "6"]
[White "Berke,A"]
[Black "Serrano Salvador,E"]
[Result "1/2-1/2"]
[WhiteElo "2080"]
[BlackElo "2328"]

1.e4 c5 2.Nf3 e6 3.d4 cxd4 4.Nxd4 Nc6 5.Nc3 Qc7 6.f4 a6 7.Be3 Bb4 8.Bd3 Nxd4
9.Bxd4 Nf6 10.O-O Bc5 11.Bxc5 Qxc5+ 12.Kh1 d6 13.Qf3 Bd7 14.Qg3 Nh5 15.Qh4 g6
16.f5 Qe5 17.Rf3 exf5 18.exf5 O-O 19.Re1 Qf6 20.Qf2 Bc6 21.Ne4 Qxb2 22.f6 Rae8
23.g4 d5 24.Nd6 Rxe1+ 25.Qxe1 Nxf6 26.Qe7 Kg7 27.Kg2 Qd4 28.h3 h6 29.Bxg6 Kxg6
30.Qxf8 Qd2+ 31.Kg1 Qe1+ 32.Kg2 Qe2+ 33.Kg3 Qe1+ 34.Kg2  1/2-1/2

[Event "58th ch-GRE"]
[Site "Rhodes GRE"]
[Date "2008.12.04"]
[Round "5"]
[White "Gavrilakis,N"]
[Black "Mastrovasilis,A"]
[Result "1/2-1/2"]
[WhiteElo "2426"]
[BlackElo "2495"]

1.e4 c5 2.Nf3 e6 3.d4 cxd4 4.Nxd4 Nc6 5.Nc3 Qc7 6.Be2 a6 7.O-O Nf6 8.Be3 Bb4
9.Na4 O-O 10.c4 Nxe4 11.Bf3 d5 12.cxd5 exd5 13.Rc1 Be6 14.Nxe6 fxe6 15.Bxe4 dxe4
16.Nc5 Bxc5 17.Rxc5 Rf5 18.Rc4 Rd8 19.Qc2 Qa5 20.Qxe4 Qd5 21.Qc2 Qd6 22.a3 Qd3
23.h3 Rfd5 24.Qxd3 Rxd3 25.Re1 R8d5 26.Re2 Kf7 27.Rcc2 Ke7 28.Kf1 Kd6 29.Red2 Rxd2
30.Bxd2 e5 31.Ke1 b5 32.Rc3 g6 33.Rf3 Kc7 34.Rf8 Rd7 35.Re8 Re7 36.Rg8 Kd6
37.Be3 Kd5 38.Kd2 a5 39.b3 Rd7 40.Ra8 Rb7 41.Kd3 e4+ 42.Kd2 Ke5 43.Re8+ Kd5
44.Ra8 Ke5 45.Re8+ Kd5  1/2-1/2

[Event "Mediterranean Open"]
[Site "Rijeka CRO"]
[Date "2008.12.04"]
[Round "7"]
[White "Stojanovski,D"]
[Black "Ramesa,D"]
[Result "1-0"]
[WhiteElo "2429"]
[BlackElo "2299"]

1.e4 c5 2.Nf3 e6 3.Nc3 Nc6 4.d4 cxd4 5.Nxd4 a6 6.Nb3 Nf6 7.Bd3 d6 8.O-O b5
9.a3 Be7 10.f4 Bb7 11.Qf3 Qc7 12.Bd2 h5 13.a4 b4 14.Nd1 d5 15.e5 Ne4 16.Be3 g5
17.Nf2 g4 18.Qe2 Nxf2 19.Bxf2 Na5 20.f5 Nxb3 21.cxb3 Qa5 22.Rac1 Rc8 23.Rxc8+ Bxc8
24.Rc1 Bb7 25.Bd4 exf5 26.e6 f6 27.Qf2 Qd8 28.Bb6 Qd6 29.Bc7 Qxe6 30.Bxf5 Qg8
31.Qb6 Qg5 32.Rf1 O-O 33.Qxb7 h4 34.Qxd5+ Kg7 35.Bf4 Qh5 36.Bd6  1-0

[Event "TCh-SLO"]
[Site "Murska Sobota SLO"]
[Date "2008.12.06"]
[Round "1"]
[White "Volokitin,And"]
[Black "Ivanisevic,I"]
[Result "0-1"]
[WhiteElo "2659"]
[BlackElo "2658"]

1.e4 c5 2.Nf3 e6 3.d4 cxd4 4.Nxd4 Nc6 5.Nc3 Qc7 6.Be3 a6 7.Qd2 Nf6 8.O-O-O Bb4
9.f3 O-O 10.g4 b5 11.g5 Ne8 12.h4 Bb7 13.h5 Ne5 14.g6 fxg6 15.hxg6 Nxg6 16.Bh3 Nf6
17.Bg5 Rae8 18.Nde2 Rf7 19.Kb1 Ba5 20.a3 b4 21.axb4 Bxb4 22.Bxf6 gxf6 23.Nd5 exd5
24.Qxb4 dxe4 25.Nd4 exf3 26.Nf5 Be4 27.Nh6+ Kg7 28.Nxf7 Bxc2+ 29.Ka1 Re4
30.Qa3 Ra4 31.Qxa4 Bxa4 32.Nd6 Qa5 33.Nc4 Qc5 34.Rc1 Nf4 35.Na3 Qxc1+ 36.Rxc1 Nxh3
37.b4  0-1

[Event "TCh-BEL 2008-9"]
[Site "Belgium BEL"]
[Date "2008.12.07"]
[Round "5"]
[White "Feygin,M"]
[Black "Michiels,B"]
[Result "1-0"]
[WhiteElo "2569"]
[BlackElo "2427"]

1.e4 c5 2.Nf3 Nc6 3.d4 cxd4 4.Nxd4 e6 5.Nc3 Qc7 6.Be3 a6 7.Qd2 Nf6 8.f3 b5
9.Nb3 Ne5 10.Qf2 d6 11.O-O-O Bd7 12.Bb6 Qb8 13.a3 Be7 14.Be2 O-O 15.g4 Bc6
16.h4 Nfd7 17.Ba5 Bb7 18.Nd4 Nc4 19.Bxc4 bxc4 20.g5 Qa7 21.Qg3 Ne5 22.Nce2 f5
23.exf5 exf5 24.Rhe1 Rae8 25.Nf4 Nd3+ 26.Nxd3 Qxd4 27.Nf4 Qc5 28.Bc3 Qc6
29.Nd5 Bd8 30.Rxe8 Rxe8 31.Qf4 Rf8 32.Qd4 Rf7 33.Re1 Kf8 34.Nf4 Bb6 35.Ne6+ Kg8
36.Qf4 Re7 37.Qxf5 Qxf3 38.Qxf3 Bxf3 39.Rf1 Rxe6 40.Rxf3 d5 41.Rf5 d4 42.Bb4 h6
43.Rf8+ Kh7 44.Rc8 hxg5 45.hxg5 Kg6 46.Bd2 c3 47.bxc3 dxc3 48.Rxc3 Kf5 49.Rf3+ Kg4
50.Rf7 Rg6 51.Rd7 Bf2 52.Rd5 Bh4 53.Ra5 Bg3 54.c3 Bc7 55.Rd5 Bd6 56.Ra5 Be7
57.Kc2 Bd8 58.Ra4+ Kf3 59.Kd3 Bxg5 60.Bxg5 Rxg5 61.Rxa6 Rg1 62.a4 Ra1 63.Rg6 Rxa4
64.Rxg7 Kf4 65.Re7 Ra8 66.c4 Kf5 67.Kd4 Kf6 68.Re1 Rd8+ 69.Kc5 Rc8+ 70.Kd5 Rd8+
71.Kc6 Rc8+ 72.Kb5 Rb8+ 73.Ka6 Rc8 74.Rc1 Ke6 75.Kb7 Rc5 76.Kb6 Rh5 77.c5 Kd7
78.c6+ Kd8 79.Rd1+ Kc8 80.Ra1 Kd8 81.c7+ Kd7 82.Rd1+  1-0

[Event "TCh-BEL 2008-9"]
[Site "Belgium BEL"]
[Date "2008.12.07"]
[Round "5"]
[White "Van den Brande,W"]
[Black "Swinkels,R"]
[Result "0-1"]
[WhiteElo "2248"]
[BlackElo "2451"]

1.e4 c5 2.Nf3 e6 3.d4 cxd4 4.Nxd4 Nc6 5.Nc3 Qc7 6.Be2 a6 7.O-O Nf6 8.Be3 Bb4
9.Na4 Be7 10.Nxc6 bxc6 11.Nb6 Rb8 12.Nxc8 Qxc8 13.Bd4 Qc7 14.Qd3 e5 15.Bc3 O-O
16.b3 d5 17.exd5 cxd5 18.Bb2 Rb6 19.c4 d4 20.Bf3 Re8 21.Rae1 Bc5 22.g3 Rbe6
23.Be4 Qd6 24.f3 Ba3 25.Ba1 g6 26.g4 R6e7 27.Re2 Nd7 28.Bd5 Nf6 29.Be4 Nd7
30.Bd5 Nc5 31.Qd2 Ne6 32.Bxe6 Rxe6 33.Qd3 Qe7 34.Kh1 Bc5 35.Rfe1 Qh4 36.Kg2 h5
37.h3 Bb4 38.Rb1 Bf8 39.Rbe1 Bh6 40.Bxd4 hxg4 41.hxg4 Qd8 42.Re4 Bg7 43.Qc2 exd4
44.Rxe6 Rxe6 45.Rxe6 fxe6 46.Qxg6 d3 47.Qxe6+ Kh8  0-1